00624 2200217 4500001002100000005001500021035002000036245007100056100002900127250001000156300002600166700003000192700003900222260004500261082001300306084001900319020002200338650002400360990001100384990001100395INLIS00000000000193420251224121412 a0010-12250000101 aPertolongan Pertama untuk Setiap Orang /cJuan P. Sanchez, Jr.,M.D0 aJuan P. Sanchez, Jr.,M.D aEd. 3 axix, 144 hlm ;c20 cm0 aEmelia B. Santamaria, M.D0 adr. Fiedya Wati Kusuma, S.S.,Sp.DV aJakarta :bGramedia Pustaka Utama,c2023 a616.0252 a616.0252 JUA p a978-602-06-7340-0 4aPertolongan Pertama a004006 a004005